000
00332nam a2200145Ia 4500
008
151213s9999 xx 000 0 und d
100
_a
Evely Waugh
245
_a
Scoop
_c
Evely Waugh
250
_a
1st
260
_a
England
_b
Penguing Books
_c
1938
300
_a
4610 p.
650
_a
English
700
_a
Evely Waugh
999
_c
2968
_d
2968